Spoken and written language: Some implications for teaching English to Vietnamese EFL teacher trainees This dissertation is presented in partial fulfilment of the requirements of the degree of master of arts (tesol)

Tallennettuna:
Bibliografiset tiedot
Päätekijä: Hồ, Mỹ Huyền
Aineistotyyppi: Opinnäyte Kokoelma Kirja
Kieli:English
Julkaistu: Hà Nội Đại học Hà Nội 1998
Aiheet:
Tagit: Lisää tagi
Ei tageja, Lisää ensimmäinen tagi!
Thư viện lưu trữ: Trung tâm Học liệu Lê Vũ Hùng, Trường Đại học Đồng Tháp
LEADER 01070ppm a22003018a 4500
001 00029932
005 20171026081022.0
008 121129s1998 ||||||engsd
041 0 # |a eng 
082 1 4 |a 428  |b SP400A 
100 1 # |a Hồ, Mỹ Huyền 
245 0 0 |a Spoken and written language: Some implications for teaching English to Vietnamese EFL teacher trainees  |b This dissertation is presented in partial fulfilment of the requirements of the degree of master of arts (tesol)  |c Hồ Mỹ Huyền; 
260 # # |a Hà Nội  |b Đại học Hà Nội  |c 1998 
300 # # |a viii,107 tr.  |c 30 cm. 
500 # # |a ĐTTTS ghi: HaNoi University of foreign studies. Department of post-graduate studies 
653 # # |a Giảng dạy 
653 # # |a Việt Nam 
653 # # |a Tiếng Anh 
653 # # |a Luận văn 
852 # # |j LV.0000172 
852 # # |b Kho đọc SĐH  |j LV.0000172 
910 |d 29/11/2012 
980 # # |a Trung tâm Học liệu Lê Vũ Hùng, Trường Đại học Đồng Tháp